000 00806nam a2200217 a 4500
001 BRCA_1488
005 20190320203441.0
008 811216s1980 mx-h---##b---f000-0#spa-#
020 _a9687108088
050 4 _aF1221.T3
_b.L43 1980
100 1 _aLeón, Francisco de P.
_94859
245 1 0 _aLos esmaltes de Uruapan
_cFrancisco de P. León ; presentación de Porfirio Martínez Peñaloza.
260 _aMéxico
_bFomento Cultural Banamex
_c1980
300 _axxix, 119 p., [72 p.] de láminas
_bil. a color
_c32 cm.
500 _aFacsímil de : Los esmaltes de Uruapan por Francisco D. P. León. Morelia, 1922
650 1 4 _aPintura tarasca
_94860
650 1 4 _aIndígenas de México
_zMéxico
_94861
650 1 4 _aEsmaltes
_zMéxico
_94862
700 1 _aMartínez Peñaloza, Porfirio
_91788
942 _2lcc
_cB
999 _c1349
_d1349